| 000 | 00709nas a22002411i#4500 | ||
|---|---|---|---|
| 001 | 557 | ||
| 003 | ES-MaACL | ||
| 005 | 20250902235345.0 | ||
| 007 | t| | ||
| 008 | 950801c1940 sp | | 1 ||pa d | ||
| 080 | _a551.46 | ||
| 245 | 0 | 0 |
_aBrújula _b: revista gráfica del mar / _cfund. José Luis F. Peña y Pineda. |
| 260 |
_aMadrid : _bGráficas Velasco Hnos, _c1940- |
||
| 300 |
_a7 v. ; _c38 cm. |
||
| 310 | _aQuincenal | ||
| 362 | 0 | _aAño I (N. 1 10 mayo 1940)- | |
| 650 | 1 | 7 |
_aGeografía _2embne _913070 |
| 650 | 0 | 7 |
_aIngeniería militar _2embne _9136289 |
| 700 | 0 |
_aPeña y Pineda, José Luis F, _efund. _9227464 |
|
| 852 |
_aES-MaACL _jHem-50 |
||
| 866 | 0 | _o1943-49(1950). | |
| 999 |
_c557 _d557 |
||